000 00642nam a2200253Ia 4500
003 OSt
005 20220918163345.0
006 a|||||r|||| 00| 0
007 ta
008 220917b |||||||| |||| 00| 0 eng d
020 _a0 586 05377 8
024 _a29,493
037 _cTextual
040 _aARTS
_cARTS
_beng
041 _2eng
_aeng
082 _aO111,3N26,2, Ml
100 _aFowles John
_912785
245 0 _aAristos
260 _aLondon
_bGranada UK
_c1981
300 _a206p.
_ccm.
650 _aENGLISH LITERATURE
942 _hO111,3N26,2, Ml
_cTEXL
_2CC
999 _c119206
_d119206